Top 30 des sodas les plus populaires en France - Statistiques

Statistiques générales
  • Ce quiz a été pris 153 fois
  • Le résultat moyen est 16 sur 30
Statistiques - réponses
Top Sodas % Correct
1 Coca-Cola
100%
11 Coca-Cola Cherry
100%
2 Coca-Cola Zero
100%
14 Fanta Citron
91%
6 Fanta Orange
91%
4 Orangina
91%
15 Ice Tea Pêche
87%
9 Ice Tea
85%
3 Pepsi
80%
12 Pepsi Max
80%
7 Sprite
75%
8 Oasis
74%
16 Oasis Tropical
74%
22 Red Bull
63%
5 Schweppes Agrumes
59%
13 Schweppes Tonic
59%
21 Monster
53%
10 7 Up
49%
28 Fuze Tea
42%
20 Perrier
36%
17 Dr Pepper
34%
23 Capri-Sun
24%
18 Canada Dry
23%
19 San Pellegrino
17%
29 Breizh Cola
16%
25 Crazy Tiger
15%
24 MayTea
8%
30 Champomy
7%
27 Pago
7%
26 Arizona
6%
Aucun quiz correspondant
Distribution des résultats
% des personnes avec chaque résultat
Percentile par nombre de réponses
Votre historique - résultats
Vous n’avez pas pris ce quiz